<?xml version="1.0" encoding="UTF-8"?>
<collection xmlns="http://www.loc.gov/MARC21/slim">
 <record>
  <leader>05834nam a2200337 a 4500</leader>
  <controlfield tag="001">kal4437</controlfield>
  <controlfield tag="003">Gr-AtHEAL</controlfield>
  <controlfield tag="005">20160426102922.0</controlfield>
  <controlfield tag="006">m        d        </controlfield>
  <controlfield tag="008">160413s2015    gr      s           gre|c</controlfield>
  <datafield tag="020" ind1=" " ind2=" ">
   <subfield code="a">9789606034633</subfield>
  </datafield>
  <datafield tag="040" ind1=" " ind2=" ">
   <subfield code="a">GR-AtHEAL</subfield>
   <subfield code="b">gre</subfield>
   <subfield code="c">GR-AtHEAL</subfield>
  </datafield>
  <datafield tag="082" ind1="0" ind2="4">
   <subfield code="a">949.507</subfield>
   <subfield code="2">23</subfield>
  </datafield>
  <datafield tag="100" ind1="1" ind2=" ">
   <subfield code="a">Καβάλα, Μαρία.</subfield>
   <subfield code="8">1552</subfield>
  </datafield>
  <datafield tag="245" ind1="1" ind2="2">
   <subfield code="a">Η καταστροφή των Εβραίων της Ελλάδας (1941-1944) :</subfield>
   <subfield code="b">Μία ιστορία με πολλές πτυχές</subfield>
   <subfield code="h">[Ηλεκτρονικός πόρος] /</subfield>
   <subfield code="c">Καβάλα, Μαρία ; κριτικός αναγνώστης Μαργαρίτης Γεώργιος ; γραφιστική επιμέλεια Αναπλιώτης Δημήτριος ; τεχνική επιμέλεια Αναπλιώτης Δημήτριος ; γλωσσική επιμέλεια Κιοσέογλου Νερίνα.</subfield>
  </datafield>
  <datafield tag="260" ind1=" " ind2=" ">
   <subfield code="a">Αθήνα :</subfield>
   <subfield code="b">Σύνδεσμος Ελληνικών Ακαδημαϊκών Βιβλιοθηκών, </subfield>
   <subfield code="c">c2015.</subfield>
  </datafield>
  <datafield tag="490" ind1=" " ind2=" ">
   <subfield code="a">Ακαδημαϊκά Ηλεκτρονικά Συγγράμματα και Βοηθήματα Κάλλιπος ;</subfield>
   <subfield code="8">40.</subfield>
  </datafield>
  <datafield tag="520" ind1=" " ind2=" ">
   <subfield code="a">Το βιβλίο αυτό απευθύνεται σε προπτυχιακούς και μεταπτυχιακούς φοιτητές που διδάσκονται θέματα σύγχρονης ελληνικής ιστορίας σχετικά με το β΄παγκόσμιο πόλεμο και ιδιαίτερα το ζήτημα της γενοκτονίας των Ελλήνων Εβραίων κατά το διάστημα της γερμανικής κατοχής. Μέσα από μία προσέγγιση ενταγμένη στη συνολική ελληνική ιστορία της περιόδου κατανοούμε καλύτερα την ιστορία της &quot;Τελικής Λύσης&quot; στην ελληνική της εκδοχή και απομακρυνόμαστε από τις κατασκευές περί του απόλυτου κακού της &quot;ναζιστικής θηριωδίας&quot;, εντάσσοντάς την ιστορία της &quot;Τελικής Λύσης&quot; στη μακρά διάρκεια της νεότερης ελληνικής αλλά και ευρωπαϊκής ιστορίας με τις εθνοτικές, θρησκευτικές και κοινωνικές αντιθέσεις που την χαρακτήρισαν. Έτσι αποκτούμε μία πληρέστερη εικόνα για την εποχή ενώ δίνεται η δυνατότητα για μία γόνιμη ευαισθητοποίηση σε θέματα ξενοφοβίας, ρατσισμού και αντιμετώπισης του &quot;άλλου&quot;.Το βιβλίο θα αποτελείται από 5 βασικά κεφάλαια, μία εισαγωγή και έναν επίλογο. Παρακάτω αναλύονται τα πέντε βασικά κεφάλαια του βιβλίου. Το σύγγραμμα μπορεί να χρησιμοποιηθεί τόσο από αναγνώστες που έχουν μία πρώτη επαφή με το θέμα όσο και από ειδικούς επιστήμονες του κλάδου που θα ήθελαν να εμβαθύνουν σε ζητήματα όπως:-Οι μειονότητες κατά το Μεσοπόλεμο και το β΄παγκόσμιο πόλεμο.-Η σημασία και η πολιτιστική, κοινωνική και οικονομική ιδιαιτερότητα της κοινότητας της Θεσσαλονίκης.- Η αφομοίωση των εβραϊκών κοινοτήτων στις κατά τόπους κοινωνίες και η σημασία της (Ρομανιώτες, Εσκεναζί και Σεφαραδίτες Εβραίοι).- Ο υπολογισμός των περιουσιακών στοιχείων που ανατρέπει στερεοτυπικές αντιλήψεις για τους γενικά πλούσιους Εβραίους και συνδέει το διωγμό και τη βίαιη αρπαγή των εβραϊκών περιουσιών πέρα από την αντισημιτική ιδεολογία των Ναζί με τον αντισημιτισμό της κοινωνίας της Θεσσαλονίκης, με την ωφελιμιστική πρακτική της ναζιστικής Γερμανίας, τη συνεργασία της ελληνικής πολιτείας και τη γενικότερη λειτουργία της οικονομίας της Κατοχής, που είχε ως βασικό χαρακτηριστικό και πρόβλημα, την αποθησαύριση.</subfield>
  </datafield>
  <datafield tag="650" ind1=" " ind2=" ">
   <subfield code="a">Jews</subfield>
   <subfield code="x">History</subfield>
   <subfield code="z">Greece</subfield>
   <subfield code="8">2504</subfield>
  </datafield>
  <datafield tag="653" ind1=" " ind2=" ">
   <subfield code="a">Γενοκτονία Ελλήνων Εβραίων.</subfield>
  </datafield>
  <datafield tag="653" ind1=" " ind2=" ">
   <subfield code="a">Β' Παγκόσμιος πόλεμος.</subfield>
  </datafield>
  <datafield tag="653" ind1=" " ind2=" ">
   <subfield code="a">Γερμανική κατοχή.</subfield>
  </datafield>
  <datafield tag="653" ind1=" " ind2=" ">
   <subfield code="a">Εβραίοι-ολοκαύτωμα-τελική λύση.</subfield>
  </datafield>
  <datafield tag="653" ind1=" " ind2=" ">
   <subfield code="a">Ιστορία</subfield>
   <subfield code="a">Ιστορία των χωρών</subfield>
   <subfield code="a">Ελληνική ιστορία.</subfield>
  </datafield>
  <datafield tag="653" ind1=" " ind2=" ">
   <subfield code="a">Ιστορία</subfield>
   <subfield code="a">Γενική ιστορία, θεωρία</subfield>
   <subfield code="a">Σύγχρονη ιστορία.</subfield>
  </datafield>
  <datafield tag="700" ind1="1" ind2=" ">
   <subfield code="a">Μαργαρίτης, Γεώργιος,</subfield>
   <subfield code="e">κριτικός αναγνώστης</subfield>
   <subfield code="8">1553</subfield>
  </datafield>
  <datafield tag="856" ind1="4" ind2="0">
   <subfield code="u">http://hdl.handle.net/11419/4437</subfield>
   <subfield code="z">Πλήρες Κείμενο - Full text</subfield>
  </datafield>
  <datafield tag="907" ind1=" " ind2=" ">
   <subfield code="a">.b25677470</subfield>
   <subfield code="b">12-06-18</subfield>
   <subfield code="c">29-07-16</subfield>
  </datafield>
  <datafield tag="949" ind1=" " ind2=" ">
   <subfield code="0">0</subfield>
   <subfield code="1">0</subfield>
   <subfield code="2">ddc</subfield>
   <subfield code="4">0</subfield>
   <subfield code="6">949_507000000000000_ΚΑΒ</subfield>
   <subfield code="7">0</subfield>
   <subfield code="8">KALL</subfield>
   <subfield code="8">505</subfield>
   <subfield code="d">2016-04-13</subfield>
   <subfield code="r">2016-04-13</subfield>
   <subfield code="w">2016-04-13</subfield>
   <subfield code="z">949.507 ΚΑΒ</subfield>
   <subfield code="o">SEAB KALLIPOS</subfield>
  </datafield>
  <datafield tag="998" ind1=" " ind2=" ">
   <subfield code="a">80</subfield>
   <subfield code="a">01</subfield>
   <subfield code="a">02</subfield>
   <subfield code="a">03</subfield>
   <subfield code="a">04</subfield>
   <subfield code="a">05</subfield>
   <subfield code="a">06</subfield>
   <subfield code="a">07</subfield>
   <subfield code="a">08</subfield>
   <subfield code="a">09</subfield>
   <subfield code="a">10</subfield>
   <subfield code="a">11</subfield>
   <subfield code="a">12</subfield>
   <subfield code="a">13</subfield>
   <subfield code="a">14</subfield>
   <subfield code="a">15</subfield>
   <subfield code="a">16</subfield>
   <subfield code="a">17</subfield>
   <subfield code="a">19</subfield>
   <subfield code="a">18</subfield>
   <subfield code="a">20</subfield>
   <subfield code="a">21</subfield>
   <subfield code="a">22</subfield>
   <subfield code="a">23</subfield>
   <subfield code="a">24</subfield>
   <subfield code="a">25</subfield>
   <subfield code="a">26</subfield>
   <subfield code="b">10-05-17</subfield>
   <subfield code="c">m</subfield>
   <subfield code="d">z  </subfield>
   <subfield code="e">-</subfield>
   <subfield code="f">gre</subfield>
   <subfield code="g">gr </subfield>
   <subfield code="h">2</subfield>
  </datafield>
  <datafield tag="942" ind1=" " ind2=" ">
   <subfield code="2">ddc</subfield>
   <subfield code="c">KALLIPOS</subfield>
  </datafield>
 </record>
</collection>
